000
00321nam a2200121Ia 4500
008
210430s9999 xx 000 0 und d
082
_a
375.006R222 T
100
_a
Dr Rashid
245
_a
Taleme jaeza aur pemaish
_c
Dr Rashid
260
_a
Islamabad
_b
national book fondaction
_c
2005
300
_a
259p
942
_c
BK
_2
ddc
999
_c
564499
_d
564499